000 00461nam a2200181Ia 4500
001 3543
005 20260306145651.0
008 260306t2014||||xx |||||||||||||| ||spa||
041 _aESP
082 _a289
_bB91
100 _aBullón, H. Fernando
_eAUT
245 0 _aMisión, educación y desarrollo:
_breflexiones desde América Latina
260 _c2014
300 _a167 páginas :
_c23 cm.
650 _aGEN
654 _aCHU
942 _cLIB
_dJUS
_fJUS
_2ddc
_n
999 _c3543
_d3543